South Eastern Kenya University

Library Online Public Access Catalogue


The design of small bore sewer systems (Record no. 832)

MARC details
000 -LEADER
fixed length control field 00414nam a22001457a 4500
050 ## - LIBRARY OF CONGRESS CALL NUMBER
Classification Number TD678
Item Number .O85 1985.
100 ## - MAIN ENTRY--Author
Personal name Richard J. Otis
245 ## - TITLE
Title The design of small bore sewer systems
260 ## - PUBLICATION, DISTRIBUTION, ETC.(IMPRINT)
Place of publication, distribution, etc Washington, D.C.
Name of publisher, distributor, etc World Bank.
Date of publication, distribution, etc 1985.
300 ## - PHYSICAL DESCRIPTION
Extent 52 p.
500 ## - GENERALNOTE
General note ill. ; 28 cm.
650 ## - SUBJECT--TOPIC
Topical term following geographic name as entry element Sewerage,Developing countries,Sanitary engineering.
Form subdivision book
General subdivision english
700 ## - ADDED ENTRY--PERSONAL AUTHOR
Personal Name D Duncan Mara
942 ## - ADDED ENTRY ELEMENTS(KOHA)
Koha item type General circulation
Holdings
Source of classification or shelving scheme Not for loan Location (home branch) Sublocation (holding branch) Date accessioned Cost, normal purchase price Full call number Barcode Cost, replacement price Koha item type Public note
Library of Congress Classification   Main Campus Library Main Campus Library 13/08/2014 500.00 TD 678 .O85 2019/024937 1000.00 General circulation leo
Kitui, Kenya.
+254736116989
library@seku.ac.ke